| 000 | 00556nam a2200193Ia 4500 | ||
|---|---|---|---|
| 005 | 20250508153228.0 | ||
| 008 | 008 250505s9999 xx 000 0 eng d | ||
| 037 | _aTextual | ||
| 040 |
_aFEDL _beng _cFEDL |
||
| 041 |
_aeng _2eng |
||
| 084 |
_a630.1, BAS _qFEDL |
||
| 100 |
_aBasu Tara Krishna _9346675 |
||
| 245 | 4 | _aThe Bengal peasant from time to time | |
| 245 | 0 | _cIndian Statistical Institute | |
| 260 |
_aBombay, India _bAsia Publishing House _c1962 |
||
| 300 | _a205p | ||
| 942 |
_cTEXL _h630.1, BAS |
||
| 999 |
_c1341390 _d1341390 |
||